| 000 | 01757nam a2200505 i 4500 | ||
|---|---|---|---|
| 001 | 15349 | ||
| 003 | KOSZ 005 | ||
| 005 | 20200629083103.0 | ||
| 008 | 200409s1972 pl a f f 000 0 pol | ||
| 015 | _aUWD 1972/10517 | ||
| 035 | _a991037389249705066 | ||
| 035 | _a(PL-WaBN)b2002759x-48omnis_nlop | ||
| 035 | _ab2002759x | ||
| 035 | _a(OCoLC)812698086 | ||
| 035 | _a(PL)b0000002002759 | ||
| 035 | _a(EXLNZ-48OMNIS_NETWORK)9910437964505606 | ||
| 040 |
_aWA N _cWA N _dKOSZ 005/RW |
||
| 046 | _k1972 | ||
| 080 | _a621.01 | ||
| 080 | _a621.317 | ||
| 100 | 1 |
_aMorecki, Adam _d(1929-2001) _eAutor |
|
| 245 | 1 | 0 |
_aMiernictwo mechanicznych parametrów maszyn metodami elektrycznymi / _cAdam Morecki. |
| 250 | _aWydanie 2. | ||
| 260 |
_aWarszawa : _bPaństwowe Wydawnictwo Naukowe, _c1972. |
||
| 300 |
_a331 stron, [4] strony tablic : _bilustracje ; _c24 cm. |
||
| 336 |
_aTekst _btxt _2rdacontent |
||
| 337 |
_aBez urządzenia posredniczącego _bn _2rdamedia |
||
| 338 |
_aWolumin _bnc _2rdacarrier |
||
| 380 | _aKsiążki | ||
| 380 | _aPublikacje dydaktyczne | ||
| 388 | _a1901-2000 | ||
| 388 | _a1945-1989 | ||
| 500 | _aWydanie 1 pt.: Miernictwo parametrów mechanicznych maszyn metodami elektrycznymi. | ||
| 504 | _aBibliografia na stronach [329]-331. | ||
| 521 | 8 | _aSkrypt dla studentów wyższych szkół technicznych. | |
| 650 | 7 |
_aElektrotechnika _2DBN |
|
| 650 | 7 |
_aMaszyny _2DBN |
|
| 650 | 7 | _aPomiary | |
| 655 | 7 |
_aPodręcznik _2DBN |
|
| 658 | _aInżynieria i technika | ||
| 710 | 2 |
_aPaństwowe Wydawnictwo Naukowe _4pbl |
|
| 856 |
_uhttp://koha.tu.koszalin.pl/cgi-bin/koha/opac-detail.pl?biblionumber=15349 _yKatalog online BPK |
||
| 942 |
_2UKD _cKS |
||
| 999 |
_c15349 _d15349 |
||